000 00559nam a2200217 i 4500
001 C2-0298981
003 PPAK
005 20180729000841.0
008 090621s2004 my |||| ||||| | eng d
040 _aPPAK
_beng
_cPPAK
_erda
245 0 0 _aDie hard 2
264 1 _aKuala Lumpur :
_bMovie Magic ,
_c2004
336 _2rdacontent
_atext
337 _2rdamedia
_aunmediated
338 _2rdacarrier
_avolume
500 _aVCD 2912/09
700 _eauthor
700 1 _aHarlin, Renny,
_ecompile
700 1 _aBaird, Stuart,
_eeditor
942 _2ddc
_cVCD
999 _c165776
_d165776